| 000 | 00708nam a2200229 a 4500 | ||
|---|---|---|---|
| 999 |
_c5645 _d5645 |
||
| 001 | 5645 | ||
| 003 | BD-JhCC | ||
| 005 | 20171219130120.0 | ||
| 008 | 171219s1978 ii a|||| || | 001 0 eng d | ||
| 035 | _a(BD-JhCC)5645 | ||
| 040 |
_aBD-JhCC _dBD-JhCC |
||
| 041 | _aeng | ||
| 082 |
_a621.381548 _bDOU 1978 |
||
| 100 | _aDouglas-Young, John | ||
| 245 |
_aComplete Guide to Electronic Test Equipment and Troubleshooting Techniques / _cJohn Douglas-Young, |
||
| 260 |
_aNew Delhi : _bVikas Publishing House Pvt Ltd, _c1978. |
||
| 300 |
_a254 p. : _bill. ; _c18 cm. |
||
| 504 | _aIncludes Index | ||
| 650 |
_aElectronic Apparatus and appliciances _xMaintenance and Repair |
||
| 942 |
_2ddc _cBK |
||